Quizzes
Events
Quiz Creation
Community
Videos
Private Events
Remove Ads
Sign In
Join for FREE
Feedback
Dark Mode
Quiz Categories
Sports
Geography
Music
Movies
Television
Just For Fun
Miscellaneous
History
Literature
Language
Science
Gaming
Entertainment
Religion
Holiday
For Kids
Quiz Lab
Recent
Popular Today
Quiz Kudos Today
Editor Picks
Curator Picks
Quizzes by...
Day
Popularity
Type
Ratings
Length
Year
Community
Subscriptions
Recent Discussions
Orange Saloon
Badges
Playlists
Quests
Create
Leaderboards
Showdown
Live 5
Trivia Bingo
Activity
Puzzle Library
Sporcle Events
Private Events
Virtual Trivia
Globe League
Become a Host
Pub Owners
SporcleCon
Opinionation
Our Games
Videos
Blog
Mobile Apps
Partnerships
Remove Ads and Go Orange
Feedback
Language
Vocabulary
Begins and Ends
Definition
Spanish
French
German
Italian
Chinese
Latin
Translation
Japanese
Language
Vocabulary
Begins and Ends
Definition
Spanish
French
German
Italian
Chinese
Latin
Translation
Japanese
Random Quiz
Search Sporcle
×
Quiz Lab
Quiz Lab
Language
catalan
Type in answers that appear in a list
Type in answers that appear in a list
Classic
Best Score? Go Orange.
Catalan auxiliary verbs Stats
Can you name the Catalan auxiliary verbs (present)?
By
Sybrand
5m
30 Questions
91 Plays
91 Plays
91 Plays
Comments
Comments
Give Quiz Kudos
Give Quiz Kudos
-
- Ratings
hide this ad
More Info
Replay
Link that replays current quiz
Next Quiz
Link to next quiz in quiz playlist
You Got
0%
They Got
Avg Score
82%
Avg Friend Score
Upgrade to see
Score Distribution
Jump to the score distribution portion of the page
Score
0/30
Timer
05:00
0
Plays Today
Verb
% Correct
HAVER: ell/
ella/
vostè
ha
94.5%
ESTAR: jo
estic
89%
HAVER: jo
he
89%
ANAR: ell/
ella/
vostè
va
89%
TENIR: tu
tens
89%
SER: nosaltres
som
87.9%
HAVER: tu
has
87.9%
ANAR: tu
vas
87.9%
SER: tu
ets
86.8%
TENIR: jo
tinc
86.8%
ESTAR: ells/
ellas/
vostès
estan
85.7%
ANAR: jo
vaig
84.6%
ESTAR: nosaltres
estem
83.5%
HAVER: ells/
ellas/
vostès
han
83.5%
ANAR: ells/
ellas/
vostès
van
83.5%
Verb
% Correct
TENIR: nosaltres
tenim
83.5%
SER: ell/
ella/
vostè
és
82.4%
SER: vosaltres
sou
82.4%
TENIR: ells/
ellas/
vostès
tenen
82.4%
ESTAR: vosaltres
esteu
81.3%
ANAR: nosaltres
anem
81.3%
HAVER: nosaltres
hem
80.2%
ANAR: vosaltres
aneu
80.2%
SER: jo
sóc
79.1%
HAVER: vosaltres
heu
76.9%
TENIR: ell/
ella/
vostè
té
76.9%
SER: ells/
ellas/
vostès
són
75.8%
TENIR: vosaltres
teniu
72.5%
ESTAR: tu
estàs
70.3%
ESTAR: ell/
ella/
vostè
està
69.2%
Quiz Playlist
Details
Report
Send in Message
Add To Playlist
More Info:
Fill in the conjugation of the 5 Catalan auxiliary verbs. DON'T FORGET the accents (acute and grave)!
Classic:
Type in answers that appear in a list
Last Updated: Feb 16, 2017
Quiz Scoreboard
CHALLENGE
Sign Up to Join the Scoreboard
Show All
Scores
Hide
Comments
May contain spoilers
Recently Published
Presidents Visiting Landmarks
by Hejman
History
7m
An Introduction to Baseball
by treessimontrees
Sports
5m
Movies - When Are They Set?
by FPL_Elf
Movies
5m
More to Explore
Quiz From the Vault
Featured Blog Post
Where Did the Easter Bunny Come From?
hide this ad
You Might Also Like...
Tags
catalan
present
Verbs
Today's Top Quizzes in Language
Browse Language
hide this ad
Today's Top Quizzes in catalan
Browse catalan
Top Contributed Quizzes in Language
1
1-10 Letter F Words III
2
1-10 Letter G Words III
3
Order Up: Top 10 Most Native Spoken Languages
4
1-10 Letter H Words III
5
One Thing in Common: Italy
6
1-10 Letter I Words III
7
Weisst du, aus welchen Sprachen diese Wörter stammen?
8
1-10 Letter J Words III
9
Celtic Nations in their Language
10
1-10 Letter K Words III
Explore More
Trending Topics
NBA
Disney
Anime
Harry Potter
Marvel
Kpop
Crossword
NFL
The Office
Country
Puzzle
Song
Pokémon
WWE
Soccer
hide this ad
More By:
Sybrand
Quiz
Plays
Rating
Category
Featured
Created
Missing Word: Red Hot Chili Peppers
4,849
3.79
Just For Fun
Jun 2, 2011
Dutch soccer clubs cities
929
4.83
Sports
Oct 17, 2012
Flags of Dutch provinces
413
5.00
Geography
Aug 5, 2019
Region quiz: Fryslân
178
5.00
Geography
Nov 6, 2011
Catalan auxiliary verbs
91
5.00
Language
Jul 25, 2012
Go to Creator's Profile
Score Distribution
Quiz Creator Spotlight
Sybrand
Follow
Send a Message
Quizzes Created
-
Created Quiz Play Count
-
More By This Creator
Popular Quizzes Today
1
Find the US States - No Outlines Minefield
2
Find the Countries of Europe - No Outlines Minefield
3
The Countries of the World
4
Find the US States
5
Popular People in 1961
6
US States
7
Risky Map Clicking: Biggest States A-Z
8
Movies - When Are They Set?
More Language Quizzes
Does It End In -SE or -CE?
Published
Trending Quizzes
Risky Map Clicking: Least Populous States A-Z
1-10 Letter G Words
1-10 Letter F Words
Risky Map Clicking: Next State Alphabetically
Risky Map Clicking: Biggest States A-Z
Recently Updated
Leaping Animals
pecheneg
Reality TV Shows (A-Z)
bhenderson79
Rickey Henderson's Hall of Fame Teammates
pecheneg
Champions League XIs: Arsenal
pecheneg
Quick Pick: Celebrities in WWE's Hall of Fame
aduchscher
A-Z Keypad Blitz II
pecheneg
Multiple Oscar Actors
pecheneg
Mystery Phrase Blitz: Oscar 'Best Actors'
pecheneg
F. Scott Fitzgerald Novels
LTH
Pick 3 Villains
ddd62291
Trending Topics
NBA
Harry Potter
Crossword
Disney
Kpop
Marvel
Anime
NFL
Song
Pokémon
WWE
Soccer
The Office
Puzzle
Country
Your Account Isn't Verified!
In order to create a playlist on Sporcle, you need to verify the email address you used during registration. Go to your
Sporcle Settings
to finish the process.
Report this User
Report this user for behavior that violates our
Community Guidelines
.
Details:
Send Report
Go to the Sporcle.com Mobile Site →
Comments